000 00411cam a2200181ua 4500
020 _c2.50
041 _amal
_h
082 _a894.812308
_bJOH/SA
100 _aJohns, T L .
245 _aSatram /
_cT L Johns.
_hTextual Documents
250 _a1 /
_b.
260 _aThrissur :
_bCurrent Books ,
_c1966.
300 _a145 ; .
365 _a2.50
504 _a
942 _cBK
999 _c12593
_d12593